Die Methode der vollständigen Induktion /

Guardado en:
Autor Principal: Sominskii, I. S.
Formato: Libro
Idioma:German
Russian
Publicado: Berlin : Deutscher Verlag der Wissenschaften, 1969.
Edición:9. Aufl.
Series:Kleine Ergänzungsreihe zu den Hochschulbüchern für Mathematik ; 3
Materias:
Etiquetas: Agregar Etiqueta
Sin Etiquetas, Sea el primero en etiquetar este registro!
LEADER 00948cam a22002531a 4500
001 MAT.inmabb005744
008 771024s1969####gw#######b####000#0#ger##
005 20160616121504.0
245 1 4 |a Die Methode der vollständigen Induktion /  |c [Aus dem Russischen übertragen von Wolfgang Ficker und Ralf-Dieter Schröter] 
250 |a 9. Aufl. 
260 |a Berlin :  |b Deutscher Verlag der Wissenschaften,  |c 1969. 
300 |a 55 p. ;  |c 21 cm. 
440 0 |a Kleine Ergänzungsreihe zu den Hochschulbüchern für Mathematik ;  |v 3 
500 |a Traducción de: Metod matematicheskoi induktsii. 
510 4 |a MR,  |c 40 #1236 
100 1 |a Sominskii, I. S.  |q (Il'ia Samuilovich) 
650 0 |a Induction (Mathematics) 
650 0 |a Mathematics  |x Problems, exercises, etc. 
650 0 |a Arithmetic  |x Foundations. 
084 |a 00A05  |2 msc2000 
010 |a  56045756  
040 |a DLC  |c ViU  |d ViU  |d DLC 
041 1 |a ger  |h rus 
859 |h 00A05  |i So696  |p A-2961  |b BIB. MATEMATICA